000 00824nam a22002417a 4500
999 _c4714
_d4714
003 AR-CdUCM
008 190311b ||||| |||| 00| 0 spa d
040 _aMUNICIPALIDAD PROVINCIAL DEL CUSCO
_cBIBLIOTECA MUNICIPAL DEL CUSCO
082 _a965 /
_bB43
100 _aBella Ben
_914619
245 _aArgelia sera socialista /
260 _aArgentina :
_bCyment Hnos.,
_c1964.
300 _a91 paginas ;
_c17 cm.
505 _aArgelia sera socialista -- El itinerario de la generosidad -- Una situación irreversible -- Problemas de formación de la nueva Argelia.
650 _aArgelia
_911583
650 _aSocialista
_94842
650 _aPolítica y estado
_98000
700 _aMaschino, Maurice
_914620
700 _aFanon, Frantz
_93844
700 _aJeanson, Francis
_914621
942 _2ddc
_cLIBROS
945 _awnts